Que efeitos tem a obesidade no corpo&mente de Jamal? (Registo nº 689)

Detalhes MARC
000 -Etiqueta do registo
Cabeçalho 00861nam a2200313 4500
005 - Identificador da versão
Campo de controlo 20240813121809.0
010 ## - Número internacional normalizado dos livros (ISBN)
Número (ISBN) 9895000960
021 ## - Número do Depósito Legal
Código do país PT
Número 205160/04
035 ## - Other System Control Numbers
System Control Number 0000718
System Control Number 0000714
System Control Number 0000714
System Control Number 0000702
100 ## - Dados gerais de processamento
Dados gerais de processamento 20050128d2004 a y0pory5003 ba
102 ## - Pais de publicação ou produção
País de publicação Portugal
101 1# - Língua de publicação
Língua do texto, banda sonora, etc. Português
Língua do documento no original Inglês
106 ## - Campo de dados codificados: material textual
Dados codificados do material textual r
105 ## - Campo de dados codificados: livros
Dados codificados dos livros a z 001yy
215 ## - Descrição física 
Indicação específica da natureza do documento e extensão da espécie 34, [1] p.
Outras indicações físicas il.
Dimensões 20 cm
200 1# - Titulo e menção de responsabilidade
Título próprio Que efeitos tem a obesidade no corpo&mente de Jamal?
Primeira menção de responsabilidade Janine Amos
Outras menções de responsabilidade trad. Maria João Rodrigues
225 2# - Colecção 
Título próprio da colecção Corpo&mente
210 ## - Publicação, Distribuição, etc. 
Lugar da edição, distribuição, etc. Rio de Mouro
Nome do editor, distribuidor, etc. Everest
Data da publicação, distribuição, etc. imp. 2004
304 ## - Notas relativas a título e menção de responsabilidade 
Texto da nota Tít. orig.: Jamal is overweight
675 ## - Classificação Decimal Universal (CDU)
Notação 616.39-053.6(076)
Edição BN
Língua da edição por
Edição BN
Língua da edição por
702 #1 - Nome de autor-pessoa física (responsabilidade secundária)
Número de registo de entrada de autoridade 0000647
Palavra de ordem Rodrigues
Outra parte do nome não tomada para palavra de ordem Maria João
Código de função Tradutor
700 #1 - Nome de autor-pessoa física (responsabilidade principal)
Número de registo de entrada de autoridade 0000905
Palavra de ordem Amos
Outra parte do nome não tomada para palavra de ordem Janine
942 ## - Elementos de entrada adicionados (Koha)
Tipo de item no Koha Livro
Exemplares
Situação do levantamento Origin of item (home branch) (coded) Biblioteca de empréstimo Código de barras Cota Circulation type (not for loan) Tipo de documento Nota do exemplar Damaged status
  Biblioteca Escolar Eng. Nuno Mergulhão Biblioteca Escolar Eng. Nuno Mergulhão BENM1177 613 AMO   Livro Sem mensagem